| 000 | 00443cam a2200169ua 4500 | ||
|---|---|---|---|
| 020 | _c2.00 | ||
| 041 |
_amal _h |
||
| 082 |
_a922.94 _bPAN/BH |
||
| 100 | _aPanikker, K.K . | ||
| 245 |
_aBhagavan Sreenarayana Paramahamsan / _cK.K.Panikker. _hTextual Documents |
||
| 260 |
_aAlappey : _bK.Narayanan, Vidhyarambham press& book depot , _c1954. |
||
| 300 | _a418 ; . | ||
| 365 | _a2.00 | ||
| 504 | _a | ||
| 942 | _cBK | ||
| 999 |
_c715 _d715 |
||